JavaScript On Things (Record no. 349540)
[ view plain ]
| 000 -LEADER | |
|---|---|
| fixed length control field | 00490nam a2200169Ia 4500 |
| 008 - FIXED-LENGTH DATA ELEMENTS--GENERAL INFORMATION | |
| fixed length control field | 230718s9999 xx 000 0 und d |
| 020 ## - INTERNATIONAL STANDARD BOOK NUMBER | |
| International Standard Book Number | 9789386052025 |
| 041 ## - LANGUAGE CODE | |
| Language code of text/sound track or separate title | eng |
| 082 ## - DEWEY DECIMAL CLASSIFICATION NUMBER | |
| Classification number | 005.13'3 |
| Item number | GAR |
| 100 ## - MAIN ENTRY--PERSONAL NAME | |
| Personal name | Gardner L.D. |
| 9 (RLIN) | 201484 |
| 245 ## - TITLE STATEMENT | |
| Title | JavaScript On Things |
| Remainder of title | Hacking Hardware For Web Developers |
| 260 ## - PUBLICATION, DISTRIBUTION, ETC. (IMPRINT) | |
| Date of publication, distribution, etc. | 2018 |
| Name of publisher, distributor, etc. | Dreamtech/Manning |
| 300 ## - PHYSICAL DESCRIPTION | |
| Extent | 426 |
| 365 ## - TRADE PRICE | |
| Currency code | Rs. |
| Price amount | 899.00 |
| 700 ## - ADDED ENTRY--PERSONAL NAME | |
| Personal name | Gardner L.D. |
| 9 (RLIN) | 201484 |
| 906 ## - LOCAL DATA ELEMENT F, LDF (RLIN) | |
| d | O:0637814-Feb-2019B:935218-Jan-2019 |
| c | TC |
| b | 233.74 |
| Withdrawn status | Lost status | Damaged status | Not for loan | Home library | Current library | Date acquired | Vendor | Budget Code | Cost, normal purchase price | Bill number | Total Checkouts | Full call number | Barcode | Date last seen | Date last checked out | Discount | Cost, replacement price | Bill Date | Koha item type | Original Barcode |
|---|---|---|---|---|---|---|---|---|---|---|---|---|---|---|---|---|---|---|---|---|
| Cummins College of Engineering for Women Pune | Cummins College of Engineering for Women Pune | 15/02/2019 | The Forward Books | TC | 665.26 | 9352 | 1 | 005.13'3 | CCEP-BK-60747 | 01/01/2026 | 16/12/2025 | 233.74 | 899.00 | 18/01/2019 | Books | 060747 |